书目信息 |
| 题名: |
英文研究论文写作
|
|
| 作者: | 庞继贤 编著 | |
| 分册: | ||
| 出版信息: | 杭州 浙江大学出版社 2008.04 |
|
| 页数: | 279页 | |
| 开本: | 23cm | |
| 丛书名: | ||
| 单 册: | ||
| 中图分类: | H315 | |
| 科图分类: | ||
| 主题词: | 英语--ying yu--论文--写作--高等学校--教材 | |
| 电子资源: | ||
| ISBN: | 978-7-308-05729-5 | |
| 000 | 01007nam0 2200277 450 | |
| 001 | 012008046101 | |
| 005 | 20080902114326.18 | |
| 010 | @a978-7-308-05729-5@dCNY35.00 (含光盘) | |
| 010 | @a978-7-89490-454-6@b光盘 | |
| 100 | @a20080902d2008 em y0chiy0120 ea | |
| 101 | 0 | @achi@aeng |
| 102 | @aCN@b330000 | |
| 105 | @aa a 000yy | |
| 106 | @ar | |
| 200 | 1 | @a英文研究论文写作@Aying wen yan jiu lun wen xie zuo@d= Writing a research paper@f庞继贤编著@Fpang ji xian bian zhu@zeng |
| 210 | @a杭州@c浙江大学出版社@d2008.04 | |
| 215 | @a279页@c图@d23cm@e光盘1片 | |
| 300 | @a普通高等教育“十一五”国家级规划教材 | |
| 320 | @a有书目 (第278-279页) | |
| 330 | @a本书是有关研究论文的写作,为十一五国家级规划教材,全书分为三个部分,包含写作基本功训练、研究论文写作等。 | |
| 510 | 1 | @aWriting a research paper@zeng |
| 606 | 0 | @a英语@Aying yu@x论文@x写作@x高等学校@j教材 |
| 690 | @aH315@v4 | |
| 701 | 0 | @a庞继贤@Apang ji xian@4编著 |
| 801 | 0 | @aCN@bQSSK@c20080902 |
| 905 | @b735348-50@dH315@eP317@f3 | |
| 英文研究论文写作= Writing a research paper/庞继贤编著.-杭州:浙江大学出版社,2008.04 |
| 279页:图;23cm+光盘1片 |
| 普通高等教育“十一五”国家级规划教材 |
| ISBN 978-7-308-05729-5:CNY35.00 (含光盘) |
| 本书是有关研究论文的写作,为十一五国家级规划教材,全书分为三个部分,包含写作基本功训练、研究论文写作等。 |
| ● |
| 相关链接 |
|
|
|
正题名:英文研究论文写作
索取号:H315/P317
 
预约/预借
| 序号 | 登录号 | 条形码 | 馆藏地/架位号 | 状态 | 备注 |
| 1 | 735348 | 207353488 | 语言库209/209语言库 37排5列2层/ [索取号:H315/P317] | 在馆 | |
| 2 | 735349 | 207353497 | 语言库209/209语言库 37排5列2层/ [索取号:H315/P317] | 在馆 | |
| 3 | 735350 | 207353503 | 语言库209/209语言库 37排5列2层/ [索取号:H315/P317] | 在馆 |